00422nam a2200133Ia 45000010005000000080041000050820024000461000074000702450071001442600024002155900007002399010027002469990015002732675241024s9999 xx 000 0 und d aRD/370.1/R426p/2009 aRepública Dominicana. Secretaría de Estado de Educacion. INAFOCAM 0aPlan de Acción de Formación y Capacitación Docente 2009-2012 bSanto Domingoc2009 asi a5/12/2012 3:23:37 p.m. c9287d9287